000 01032cam a22003014a 4500
001 13381531
003 PILC
005 20150112093448.0
008 031023s2005 maua b 001 0 eng
010 _a 2003066614
020 _a0072559837 (alk. paper)
040 _aDLC
_cDLC
_dDLC
042 _apcc
050 0 0 _aHD58.7
_b.L86 2005
082 0 0 _a658.3
_222
100 1 _aLussier, Robert N.
245 1 0 _aHuman relations in organizations :
_bapplications and skill-building /
_cRobert N. Lussier.
250 _a6th ed.
260 _aBoston :
_bMcGraw-Hill/Irwin,
_c2005.
300 _axxiv, 661 pages :
_billustration ;
_c28 cm.
500 _a"Registration code" inserted.
504 _aIncludes bibliographical references (p. 621-652) and index.
650 0 _aOrganizational behavior.
650 0 _aInterpersonal relations.
906 _a7
_bcbc
_corignew
_d1
_eocip
_f20
_gy-gencatlg
942 _2lcc
_cBK
999 _c14989
_d14989